From empire to commonwealth : principles of British imperial government /

保存先:
書誌詳細
その他の著者: Simmons, Jack, 1915-
フォーマット: 図書
言語:English
出版事項: London : Odhams Press, [1949]
主題:
LEADER 00852nam a2200217 a 4500
001 c000372505
003 CARM
005 00000000000000.0
008 870210s1949 enk 00000 eng d
019 1 |a 5227363  |z 42748195  |z 25362023  |5 LACONCORD2021 
035 |a (OCoLC)2126302  |5 LACONCORD2021 
040 |d NU 
245 0 0 |a From empire to commonwealth :  |b principles of British imperial government /  |c edited by Jack Simmons. 
260 |a London :  |b Odhams Press,  |c [1949] 
300 |a 240 p. 
610 2 0 |a Commonwealth of Nations. 
651 0 |a Great Britain  |x Colonies  |x Administration. 
700 1 |a Simmons, Jack,  |d 1915- 
852 8 |b CARM  |h A1:AP35G0  |i B07961  |p 0354681  |f BK 
999 f f |i be69143f-8e73-593b-ba39-dc96f7fa2b6e  |s 9e6eca0e-9a32-5af7-b448-9079d94eb182 
952 f f |p Can circulate  |a CAVAL  |b CAVAL  |c CAVAL  |d CARM 1 Store  |e B07961  |f A1:AP35G0  |h Other scheme  |i book  |m 0354681